Festivals Bach : audició integral dels concerts de Brandeburg audició integral dels concerts de Brandeburg
Descripción Física:
[8] p. ; 21 cm
MARC
| LEADER | 00000nam a2200000Ia 4500 | ||
|---|---|---|---|
| 001 | 16544 | ||
| 008 | 160829s1928 xx 000 0 cat d | ||
| 080 | |a Q-279, exp. 64 | ||
| 245 | |a Festivals Bach : |b audició integral dels concerts de Brandeburg | ||
| 260 | |a Barcelona : |b [s.n.], |c 1928 | ||
| 300 | |a [8] p. ; |c 21 cm | ||
| 590 | |a Abans del títol: Palau de la Música Catalana | ||
| 650 | 0 | |a Festivals de música |x Programes |z Barcelona (Catalunya) |9 48550 | |
| 901 | |a Arxiu | ||
| 942 | |n 1 | ||
| 952 | |0 0 |1 0 |4 0 |6 Q279_EXP_64 |7 1 |9 54371 |a Arxiu |b Arxiu |d 2016-12-01 |l 0 |o Q-279, exp. 64 |p 16544 |r 2016-12-01 00:00:00 |w 2016-12-01 |y ARXIU | ||
| 999 | |c 58240 |d 58240 | ||